Nascere oggi. (Record n. 358853)
[ formato base ]
| 000 -LEADER | |
|---|---|
| campo di controllo lung. fissa | 02230nam a22002297a 4500 |
| 003 - Identificatore del numero di controllo | |
| campo di controllo | IT-MiCISF |
| 005 - Data e orario dell'ultima transazione | |
| campo di controllo | 20250714152724.0 |
| 008 - Elementi di lunghezza fissa--Informazione generale | |
| campo di controllo lung. fissa | 200901b ||||| |||| 00| 0 eng d |
| 020 ## - ISBN (International Standard Book Number) | |
| ISBN (International Standard Book Number) | 9788869294709 |
| 040 ## - Fonte della catalogazione | |
| Agenzia che fa la trascrizione | IT-MiCISF |
| 041 ## - Codice di lingua | |
| Codice di lingua del testo/traccia sonora o titolo separato | IT |
| 100 ## - Accesso principale -- nome di persona | |
| Nome di persona | Larghero Enrico, Lombardi Ricci Mariella, Zeppegno Giuseppe (a cura di) |
| 9 (RLIN) | 58403 |
| 245 ## - Formulazione del titolo | |
| Titolo | Nascere oggi. |
| Complemento del titolo | Questioni bioetiche di inizio vita |
| 260 ## - Pubblicazione, distribuzione, ecc. (stampa) | |
| Luogo di pubblicazione, distribuzione, ecc. | Cantalupa (TO), |
| Nome dell'editore, distributore, ecc. | Effatà, |
| Data di pubblicazione, distribuzione, ecc. | 2020 |
| 300 ## - Descrizione fisica | |
| Estensione | pp. 493 |
| 500 ## - Nota generale | |
| Nota generale | bioetica, nascita, embrione, nuovi-media, servizi-sanitari, sanità, periodo-prenatale, procreazione-artificiale, madre-in-affitto, legislazione |
| 520 ## - Riassunto, ecc. | |
| Nota di riassunto, ecc. | "Nascere oggi" propone molteplici suggestioni e apre una finestra su una fase della vita, quella nascente, in gran parte ancora avvolta nel mistero. Venire al mondo nel Terzo millennio resta ancora qualcosa di meraviglioso e intrigante. Progresso scientifico e tecnologico hanno permesso di costruire un tempo e uno spazio dell'esistenza solo pochi decenni or sono fuori dalla portata umana. Forse, però, manca ancora una presa di coscienza razionale, emozionale, onestamente critica, da cui muovere per rifondare una corretta comprensione del legame generazionale proprio a partire dalla vita prenatale e dal pieno rispetto della dignità intrinseca ad ogni essere umano. Questa è la sfida a cui è chiamata la bioetica del tempo prenatale. Ridefinire alla luce delle nuove scoperte scientifiche la relazione materno-fetale è uno dei nuovi orizzonti della bioetica della vita nascente. Stessa esigenza investe anche la relazione tra biologo e concepito così come tra legislatore e concepito. Portare tali problematiche in primo piano e porle al centro della riflessione attuale - scientifica, giuridica, filosofica, teologica, psicologica, sociale - è uno degli scopi di queste pagine, punto di partenza e non di arrivo per affrontare questioni per loro natura dinamiche e dialogiche. |
| 650 ## - Accesso aggiunto di soggetto--termine topico | |
| Termine topico o nome geografico come accesso | Bioetica |
| 9 (RLIN) | 56169 |
| 654 ## - Accesso aggiunto di soggetto--termini topici faccettati | |
| Termine principale | saggio |
| 700 ## - Accesso aggiunto--nome di persona | |
| Nome di persona | Palestro G., Reale L., Vergani P., Sgreccia P., Anzani G., Peris C., Vergani E., Di Mezza C.. |
| -- | Bellieni C., Brambilla G., Rossino M., Merlo P., Campagnoli C., Cardaci M., Poggi A., Ronco M. |
| 9 (RLIN) | 58404 |
| 942 ## - Dati aggiuntivi (Koha) | |
| Fonte della classificazione o dello schema di collocazione (segnatura) | Dewey Decimal Classification |
| Tipo copia default (Koha) | LIBRO |
| Ritirato (status) | Perso (status) | Fonte della classificazione o dello schema di collocazione (segnatura) | Danneggiato (status) | Non per il presito | Biblioteca proprietaria | Biblioteca in cui si trova | Data d'acquisizione | Totale prestiti | Collocazione | Codice a barre | Data ultima operazione | Prezzo in vigore dal | Tipo copia default (Koha) |
|---|---|---|---|---|---|---|---|---|---|---|---|---|---|
| Dewey Decimal Classification | Buone Condizioni | Not For Loan | CISF - Milano | CISF - Milano | 01/09/2020 | b7601 | 9788869294709 | 01/09/2020 | 01/09/2020 | LIBRO |